| 000 | 00411nam a2200133Ia 4500 | ||
|---|---|---|---|
| 008 | 231129s9999||||xx |||||||||||||| ||spa|| | ||
| 020 | _a84-7232-183-5 | ||
| 040 | _bspa | ||
| 082 | _a808.82 V422q | ||
| 100 | _aVega Herrera Cesar | ||
| 245 | 0 | _a¿Que sucedio en Pasos ? | |
| 264 | _aEdiciones Cultura Hispanica del Centro Iberoamericano de Cooperacion | ||
| 942 |
_2ddc _cBKS |
||
| 999 |
_c4413 _d4413 |
||